000 00832nam a22002175i 4500
001 162640
003 ES-MaACL
005 20250927140103.0
008 951113s1870 sp |||| | spa d
040 _aCLM
_bspa
_cCCPB | SIC
100 0 _aProudhon, Pierre-Joseph.
_994052
245 1 0 _aLa Federación y la unidad en Italia /
_cpor P.J. Proudhon ; traducido por Alfredo Alvarez ; con un prólogo y notas críticas de J. Sánchez Ruano.
260 _aMadrid :
_b[s.n.],
_c1870 (
_fImprenta de El Pueblo)
300 _a246 p. ;
_c18 cm.
650 0 4 _aFederalismo
_912738
651 4 _aItalia-
_xHistoria-
_y1849-1870.
_98869
700 1 _aAlvarez, Alfredo.
_9125639
700 1 _aSánchez Ruano, Julián,
_d1842-1871
_9133015
852 _aES-MaACL
_jD-3155
_z-- Enc. hol.
_x-- Edic.: 248 p.
999 _c162640
_d162640